000
00300nam a22001217a 4500
008
181217b xxu||||| |||| 00| 0 eng d
041
_a
eng
080
_a
610
100
_a
4
101
_a
SHM
245
_a
The World's Greatest Treasury of Health Secrets
_c
Bottom Line Publications
942
_2
udc
_c
BK
999
_c
53278
_d
53278